Το άλας της Λέσβου, το άλας της Κω

Αποθηκεύτηκε σε:
Λεπτομέρειες βιβλιογραφικής εγγραφής
Συλλογικό Έργο: Υπουργείο Εθνικής Παιδείας και Θρησκευμάτων, Πανεπιστήμιο Αιγαίου Επιτροπή Ερευνών, 1ο Ιπποκράτειο Γυμνάσιο Κω, Πειραματικό Γυμνάσιο Μυτιλήνης
Μορφή: Βιβλίο
Γλώσσα:Greek
Δημοσίευση: Μυτιλήνη; Κως : Υπουργείο Εθνικής Παιδείας και Θρησκευμάτων, 2003.
Θέματα:
Ετικέτες: Προσθήκη ετικέτας
Δεν υπάρχουν, Καταχωρήστε ετικέτα πρώτοι!

MARC

LEADER 00000cam a2200000 i 4500
001 1/31784
008 060630s2003 gre d
035 |l 10084501 
040 |a GR-MY-UA  |b gre  |e aacr 
041 0 |a gre 
082 0 |a 553.63  |2 (22) 
110 2 |a Υπουργείο Εθνικής Παιδείας και Θρησκευμάτων. 
245 1 3 |a Το άλας της Λέσβου, το άλας της Κω /   |c Υπουργείο Εθνικής Παιδείας και Θρησκευμάτων ; Πανεπιστήμιο Αιγαίου. Επιτροπή Ερευνών ; 1ο Ιπποκράτειο Γυμνάσιο Κω ; Πειραματικό Γυμνάσιο Μυτιλήνης.  
260 |a Μυτιλήνη; Κως :   |b Υπουργείο Εθνικής Παιδείας και Θρησκευμάτων,   |c 2003.  
300 |a 106 σ. :   |b εικ. ;   |c 21 εκ.  
500 |a Σχολικά προγράμματα περιβαλλοντικής εκπαίδευσης.  
504 |a Περιέχει βιβλιογραφία.  
650 0 |a Salines  |z Greece  |z Lesbos (Municipality) 
650 0 |a Salines  |z Greece  |z Kos (Municipality) 
650 0 0 |a Salt  |x History  |z Greece  |z Lesbos (Municipality) 
650 0 0 |a Salt  |x History  |z Greece  |z Kos (Municipality) 
650 0 0 |a Salt. 
710 2 |a Πανεπιστήμιο Αιγαίου  |b Επιτροπή Ερευνών. 
710 2 |a 1ο Ιπποκράτειο Γυμνάσιο Κω. 
710 2 |a Πειραματικό Γυμνάσιο Μυτιλήνης. 
852 |a INST  |b LESVOS  |e 20060630  |h 553.63 ΥΠΟ  |p 005100037202  |q 005100037202  |t BK  |y 0 
901 |a BIBL1-2006-2 
909 |a Λ  |b 128695 
970 |a ΚΑΡΑ  |b ΓΙΑΣΕΜΗ  |z 2006/06/30